| 000 | 01053nam a2200253 a 4500 | ||
|---|---|---|---|
| 001 | 41949 | ||
| 003 | BD-RjUL | ||
| 005 | 20211209053455.0 | ||
| 008 | 160608s1996 ii ||||| |||| 00| 0 ben d | ||
| 020 | _c: IRs.45.00 | ||
| 035 | _a(BD-RjUL)42067 | ||
| 040 |
_aBD-RjUL _bben _cBD-RjUL |
||
| 041 | _aben | ||
| 082 |
_223 _a491.2 _bGAC 1996 |
||
| 100 |
_aগঙ্গাদাস _9128935 |
||
| 245 | 1 | 0 |
_aছন্দোমঞ্জরী / _cগঙ্গাদাস, গুরুনাথবিদ্যানিধি ভট্টাচার্য্যেণ সম্পাদিত |
| 250 | _a৮ম সং. | ||
| 260 |
_aকলিকাতা : _bসংস্কৃত পুস্তক ভান্ডার, _c১৯৯৬ |
||
| 300 |
_a[ক-ছ] v, ১৩১, ২১ পৃ. ; _c২৩ সেমি. |
||
| 650 |
_aসংস্কৃত _9128936 |
||
| 650 |
_aSanskrit _9128937 |
||
| 700 |
_aভট্টাচার্য্যেণ, গুরুনাথবিদ্যানিধি সম্পাদিত _9128938 |
||
| 942 |
_2ddc _cBK |
||
| 999 |
_c41949 _d41949 |
||